| 000 | 00763cab a2200217 4500 | ||
|---|---|---|---|
| 001 | WB2407-15 | ||
| 008 | 090401t1988 xxu||||| |||| 00| 0 eng d | ||
| 035 | _a(Sirsi) u38448 | ||
| 041 | _aeng | ||
| 245 | _aDistress following damage | ||
| 260 | _c1988 | ||
| 350 | _a0 | ||
| 490 |
_aBuilding _vvol 253 no 7534, 12/2/88 p28 |
||
| 520 | _aBriefly discusses "Attia v British Gas plc" (1987) 3 AllER 455 which considered whether a building contractor should pay damages in respect of nervous shock or physchiatric damage suffered by a house owner on witnessing the consequences of his negligence. | ||
| 650 | _aFIRE | ||
| 650 | _aLIABILITY | ||
| 650 | _aMENTAL ILLNESS | ||
| 690 | _aBUILDING AND CONSTRUCTION-CASE LAW | ||
| 942 | _n0 | ||
| 948 | _c04/03/1997 | ||
| 999 |
_c24711 _d24711 |
||